Score 0/12 Timer 10:00
0 Plays Today
Synopsis Author % Correct
American man & girl at Spanish train station converse while waiting for a train to Madrid/she compares hills to title animals/she is to have operation (implied to be abortion)Hills Like White Elephants
100%
2 waiters in cafe discuss old deaf man who is drinking late into night/discussion of his attempted suicideA Clean, Well-Lighted Place
100%
Harry dying of gangrene on mountain goes thru series of memories/spends time w/wife Helen & dies at end/split narration: reality & dreamThe Snows of Kilimanjaro
88.9%
Title character & wife Margot big game hunting in Africa w/Wilson/wife shoots him b/c he panicks when charged by lion & sleeps w/Wilson/kills him shooting at buffalo next dayThe Short Happy Life of Francis Macomber
88.9%
Writing style of Hemingway/also known as 'theory of omission'/focusing on surface elements without explicitly discussing underlying themesIceberg Theory
88.9%
Second short story collection exploring bullfighting, infidelity, divorce, and death; included 'Hills Like White Elephants' and 'In Another Country'Men Without Women
66.7%
Chronicles 3 generations of Nick Adams's family/Nick driving thru hometown w/son/memories of Nick's childhood & fatherFathers and Sons
66.7%
Nick Adams' father (country doctor) summoned to title location to deliver baby/does C-section w/jack knife w/Nick's help/father commits suicide during operationIndian Camp
66.7%
Attack on Fascism/near Savona Italy during Mussolini's time/10 days of disappointing weather, unpleasant interactions with the locals, and bad food Che Ti Dice La Patria?
55.6%
2-part story/Nick Adams camps & fishes in Michigan/talks to grasshopper/only 3 spoken partsBig Two-Hearted River
55.6%
WW1 ambulance corps member (assumed to be Nick Adams) injured knee & spends day at hospital where they have new machines for healing/talks w/wounded major whose wife diedIn Another Country
44.4%
Jim Gilmore rapes Liz Coates after returning from hunting trip w/DJ Smith & Charlie Wyman/he passes out & she goes homeUp in Michigan
44.4%
Remove Ads.
Support Sporcle.
Get the best of Sporcle when you Go Orange. This ad-free experience offers more features, more stats, and more fun while also helping to support Sporcle. Thank you for becoming a member.

You're not logged in!

Compare scores with friends on all Sporcle quizzes.
OR
Log In

Show Comments

Extras

Top Quizzes Today


Score Distribution

Your Account Isn't Verified!

In order to create a playlist on Sporcle, you need to verify the email address you used during registration. Go to your Sporcle Settings to finish the process.

Report this User

Report this user for behavior that violates our Community Guidelines.

Details: